000 01446nam a22002777a 4500
999 _c169911
_d169911
005 20191207152949.0
008 191207b ||||| |||| 00| 0 eng d
010 _aB-170483
020 _c150.00
035 _aB-170483
037 _bCen Lib/Ret
040 _aDPL
_bHN
082 _a823.08
_bवीरेन्द्र
100 _aवीरेन्द्र कुमार
_987522
245 _aमेरी तेरी उसकी बात :
_cवीरेन्द्र कुमार
_bबदलते हुए परिवेश की पहचान /
246 _aMeri teri uski bat : badalte hue parivesh ki pehchan /
_bby Veerendra Kumar
260 _aनई दिल्ली
_bसंजय प्रकाशन
_c2006
270 _bनई दिल्ली
_a4378/4बी, 209,जे.एम.डी.हाउस, गली मुरारी लाल, अंसारी रोड, दरियागंज
_e110002
300 _a79पृ.
_c21सेमी(सजिल्द)
500 _aसंदर्भ शामिल
650 _aहिन्दी साहित्य
_987523
650 _aहिन्दी के कथाकार -- यशपाल - चरित्र योजना
_987524
650 _aHindi literature
_987525
650 _aHindi storyteller - Yash Pal - Character plan
_987526
942 _2ddc
_cHN
_h823.08
_mवीरेन्द्र